Bariéry a príležitosti participácie osôb so zdravotným postihnutím na využívaní služieb cestovného ruchu diplomová práca

Salvato in:
Dettagli Bibliografici
Autore principale: Pástorová, Miroslava
Ente Autore: Obchodná fakulta EU. Katedra služieb a cestovného ruchu - zrušené
Altri autori: Litomerický, Juraj
Natura: Libro
Lingua:slovacco
Pubblicazione: Bratislava 2011
Tags: Aggiungi Tag
Nessun Tag, puoi essere il primo ad aggiungerne!!

MARC

LEADER 00000nbm a2200000 4500
001 0131914
005 20161109101741.8
041 0 |a slo 
044 |a SK 
245 1 0 |a Bariéry a príležitosti participácie osôb so zdravotným postihnutím na využívaní služieb cestovného ruchu  |b diplomová práca  |c Miroslava Pástorová ; školiteľ: Juraj Litomerický 
264 1 |a Bratislava  |c 2011 
300 |a 68 s. 
100 1 |a Pástorová, Miroslava 
700 1 |a Litomerický, Juraj 
710 2 |a Obchodná fakulta EU. Katedra služieb a cestovného ruchu - zrušené